000 00635cam a2200229 4500500
005 20260329005527.0
041 _afre
042 _adc
100 1 0 _aLarmagnac-Matheron, Octave
_eauthor
245 0 0 _aDu même bois
260 _c2024.
500 _a72
690 _aArthur Dreyfus
690 _aCampagne
690 _aFrance
690 _aGénérations
690 _aPaysan
690 _aroman
690 _aRuralité
786 0 _nPhilosophie magazine | 176 | 1-2 | 2024-02-01 | p. 58-59 | 1951-1787
856 4 1 _uhttps://shs.cairn.info/magazine-philosophie-magazine-2024-2-page-58?lang=fr&redirect-ssocas=7080
999 _c1844256
_d1844256